Dvadsaťjeden rokov
Liberaliozácia poštových služieb v EÚ je zložitejší oriešok ako si bruselskí úradníci pôvodne mysleli. Trh s poštovými službami sa otvára veľmi pomaly. Poštová liberalizácia má už tretiu smernicu. Trh s poštovými službami sa má úplne otvoriť v roku 2013. Obrat poštového sektora.
Salvato in:
| Autore principale: | |
|---|---|
| Natura: | Capitolo di libro |
| Lingua: | slovacco |
| Soggetti: | |
| Tags: |
Nessun Tag, puoi essere il primo ad aggiungerne!!
|
MARC
| LEADER | 00000naa$a2200000$$$4500 | ||
|---|---|---|---|
| 001 | 0070149 | ||
| 005 | 20231009074111.3 | ||
| 041 | 0 | |a slo | |
| 044 | |a SK | ||
| 245 | 1 | 0 | |a Dvadsaťjeden rokov |c Kristian Slovák |
| 520 | |a Liberaliozácia poštových služieb v EÚ je zložitejší oriešok ako si bruselskí úradníci pôvodne mysleli. Trh s poštovými službami sa otvára veľmi pomaly. Poštová liberalizácia má už tretiu smernicu. Trh s poštovými službami sa má úplne otvoriť v roku 2013. Obrat poštového sektora. | ||
| 610 | 2 | 0 | |a pošty |
| 610 | 2 | 0 | |a liberalizácia |
| 610 | 2 | 0 | |a Európska únia |
| 610 | 2 | 0 | |a smernice |
| 100 | 1 | |a Slovák, Kristian | |